Vývoj príjmovej nerovnosti v regióne Latinskej Ameriky a Karibiku v kontexte hospodárskeho rastu dizertačná práca

Salvato in:
Dettagli Bibliografici
Autore principale: Janubová, Barbora, 1991-
Ente Autore: Ekonomická univerzita v Bratislave. Fakulta medzinárodných vzťahov
Altri autori: Grešš, Martin, 1978-
Natura: Libro
Lingua:slovacco
Pubblicazione: Bratislava 2018
Soggetti:
Tags: Aggiungi Tag
Nessun Tag, puoi essere il primo ad aggiungerne!!

MARC

LEADER 00000nbm a2200000 4500
001 0247269
005 20230227104827.8
041 0 |a slo 
044 |a SK 
245 1 0 |a Vývoj príjmovej nerovnosti v regióne Latinskej Ameriky a Karibiku v kontexte hospodárskeho rastu  |b dizertačná práca  |c Barbora Janubová ; školiteľ: Martin Grešš 
264 1 |a Bratislava  |c 2018 
300 |a 158 s. 
610 2 0 |a nerovnosť príjmová 
610 2 0 |a rast hospodársky 
610 2 0 |a regióny 
610 2 0 |a analýzy 
100 1 |a Janubová, Barbora, 1991- 
700 1 |a Grešš, Martin, 1978- 
710 2 |a Ekonomická univerzita v Bratislave. Fakulta medzinárodných vzťahov